Opatrenia a nástroje na detekciu a elimináciu podvodov a únikov v oblasti daní diplomová práca

Guardado en:
Detalles Bibliográficos
Autor principal: Klimková, Zuzana
Autor Corporativo: Fakulta hospodárskej informatiky EU. Katedra účtovníctva a audítorstva
Otros Autores: Vašeková, Miroslava, 1978-
Formato: Libro
Lenguaje:eslovaco
Publicado: Bratislava 2017
Etiquetas: Agregar Etiqueta
Sin Etiquetas, Sea el primero en etiquetar este registro!

MARC

LEADER 00000nbm a2200000 4500
001 0232982
005 20180410101514.9
041 0 |a slo 
044 |a SK 
245 1 0 |a Opatrenia a nástroje na detekciu a elimináciu podvodov a únikov v oblasti daní  |b diplomová práca  |c Zuzana Klimková ; školiteľ: Miroslava Vašeková 
264 1 |a Bratislava  |c 2017 
300 |a 57 s. 
100 1 |a Klimková, Zuzana 
700 1 |a Vašeková, Miroslava, 1978- 
710 2 |a Fakulta hospodárskej informatiky EU. Katedra účtovníctva a audítorstva